Statistics for Chicago Multiple Choice

Click here to take the quiz!

General Stats

  • This quiz has been taken 222 times
  • The average score is 9 of 20

Answer Stats

QuestionAnswer% Correct
On what holiday is the river dyed?St. Patrick's Day
79%
What is Chicago's second largest airport?Midway International Airport
72%
What is the name of the zoo in Chicago?Lincoln Park Zoo
60%
Who is considered the first non-indigenous settler of Chicago?Jean Baptiste Point du Sable
59%
The University of Chicago is in what Chicago neighborhood?Hyde Park
58%
How many community areas does Chicago have?77
53%
The famous "Bean" sculpture in Millennium Park is officially called what?Cloud Gate
50%
Which building's exterior has stones from landmarks around the world on it?Tribune Tower
47%
Who was the longest serving mayor of Chicago?Richard M. Daley
45%
Chicago's street grid is centered at what intersection?Madison and State
41%
What is the southernmost street in the city?138th Street
37%
What was Chicago (allegedly) named after?Stinky Onions
37%
How many alderman's wards does Chicago have?50
35%
Which neighborhood is famous for murals?Pilsen
33%
Almost all of Chicago is in one county, except for a tiny section in what small county?DuPage County
32%
The Chicago Cultural Center used to be what type of building?Library
32%
When was Chicago established as a city?1837
30%
In what year was Chicago's second World's Fair?1933
29%
What building is, by the official definition, the second tallest in the city?Trump International Hotel and Tower
24%
Besides the Chicago River, a large part what river passes through the city?Little Calument River
21%

Score Distribution

Percentile by Number Answered

Percent of People with Each Score

Your Score History

You have not taken this quiz